Worlds greatest adventures / (Record no. 129767)
[ view plain ]
| 000 -LEADER | |
|---|---|
| fixed length control field | 00604nam a22002177a 4500 |
| 005 - DATE AND TIME OF LATEST TRANSACTION | |
| control field | 20170124110102.0 |
| 010 ## - LIBRARY OF CONGRESS CONTROL NUMBER | |
| LC control number | A-857513 |
| 020 ## - INTERNATIONAL STANDARD BOOK NUMBER | |
| Terms of availability | 40.00 |
| International Standard Book Number | 817564026 |
| 035 ## - SYSTEM CONTROL NUMBER | |
| System control number | A-857513 |
| 037 ## - SOURCE OF ACQUISITION | |
| Source of stock number/acquisition | Cen Lib/Ret |
| 040 ## - CATALOGING SOURCE | |
| Original cataloging agency | DPL |
| Language of cataloging | EN |
| 082 ## - DEWEY DECIMAL CLASSIFICATION NUMBER | |
| Classification number | S- |
| Item number | WOR |
| 245 ## - TITLE STATEMENT | |
| Title | Worlds greatest adventures / |
| Statement of responsibility, etc | edited by Subhash Gupta |
| 260 ## - PUBLICATION, DISTRIBUTION, ETC. (IMPRINT) | |
| Place of publication, distribution, etc | Delhi |
| Name of publisher, distributor, etc | Sahni Publications |
| Date of publication, distribution, etc | 1998 |
| 270 ## - ADDRESS | |
| Address | 4777,Dr. Mitra Gali Roshanara Road |
| City | Delhi |
| Postal code | 110007 |
| 300 ## - PHYSICAL DESCRIPTION | |
| Extent | 199p. |
| Dimensions | 20cm(Hb) |
| 650 ## - SUBJECT ADDED ENTRY--TOPICAL TERM | |
| Topical term or geographic name as entry element | Travel |
| 9 (RLIN) | 25007 |
| 650 ## - SUBJECT ADDED ENTRY--TOPICAL TERM | |
| Topical term or geographic name as entry element | Vocation |
| 9 (RLIN) | 27339 |
| 700 ## - ADDED ENTRY--PERSONAL NAME | |
| Personal name | Gupta, Subhash |
| 9 (RLIN) | 141671 |
| 942 ## - ADDED ENTRY ELEMENTS (KOHA) | |
| Source of classification or shelving scheme | Dewey Decimal Classification |
| Koha item type | English Books |
| Classification part | S- |
| Call number suffix | WOR |
| Withdrawn status | Lost status | Damaged status | Not for loan | Home library | Current library | Date acquired | Source of acquisition | Cost, normal purchase price | Total Checkouts | Full call number | Barcode | Date last seen | Copy number | Cost, replacement price | Price effective from | Koha item type |
|---|---|---|---|---|---|---|---|---|---|---|---|---|---|---|---|---|
| Central Library | Central Library | 07/07/2015 | Cen Lib/Ret | 40.00 | S- WOR | A-857513 | 07/07/2015 | 1 | 40.00 | 07/07/2015 | English Books |
